Historia de Chile

Guardat en:
Dades bibliogràfiques
Autors principals: Villalobos Rivera, Sergio (Autor), Silva Vargas, Fernando (Autor), Silva Galdames, Osvaldo (Autor), Estellé M., Patricio (Autor)
Format: Llibre
Idioma:espanyol
Publicat: Santiago Universitaria 2005
Col·lecció:Colección Imagen de Chile
Matèries:
Etiquetes: Afegir etiqueta
Sense etiquetes, Sigues el primer a etiquetar aquest registre!

MARC

LEADER 00000nam a2200000 a 4500
001 UCK8803
003 CL-VaPUC
008 060331e20050000CL |||||||||||||||||spa|d
020 |a 9561101696 
082 0 4 |a 983  |b VIL  |2 21 
100 0 |a Villalobos Rivera, Sergio  |e author  |9 498487 
700 0 |a Silva Vargas, Fernando  |e author  |9 498488 
700 0 |a Silva Galdames, Osvaldo  |e author  |9 498489 
700 0 |a Estellé M., Patricio  |e author  |9 498490 
245 1 0 |a Historia de Chile 
300 |a 869 p 
942 |c BK 
945 |d 20060331 00:00:00  |a jtorresc 
260 |a Santiago  |b Universitaria  |c 2005 
650 0 |a Historia de Chile  |9 265473 
651 7 |a CHILE  |2 CL-VaPUC  |9 498491 
583 |a last modification  |c 20060331 00:00:00  |k Rodrigo Vera 
490 0 |a Colección Imagen de Chile 
999 |c 316210  |d 316208 
952 |0 0  |1 0  |4 0  |6 983_000000000000000_VIL_2005  |7 0  |8 A  |9 390395  |a BIBEDU  |b BIBEDU  |d 2019-11-22  |i 421448K  |o 983 VIL 2005  |p 421448K  |r 2019-11-22  |w 2019-11-22  |y BK  |k EBA